[Event "Voronezh op-B 18th"]
[Site "Voronezh"]
[Date "2014.06.14"]
[Round "3"]
[White "Lebedev, Viktor"]
[Black "Malin, Alexey"]
[Result "0-1"]
[WhiteElo "1716"]
[BlackElo "1868"]
[PlyCount "47"]
[EventDate "2014.06.12"]
[EventType "swiss"]
[EventRounds "9"]
[EventCountry "RUS"]
[SourceTitle "EXT 2015"]
[Source "ChessBase"]
[SourceDate "2014.11.20"]
[SourceVersion "1"]
[SourceVersionDate "2014.11.20"]
[SourceQuality "1"]

1. Nf3 d5 2. d4 Nc6 3. g3 Bg4 4. Bg2 Nf6 5. 0-0 e6 6. Nc3 a6 7. Bg5 Be7 8. Re1 h6 9. Bf4 g5 10. Be5 Bxf3 11. Bxf3 Nxe5 12. dxe5 Nd7 13. e4 d4 14. Qxd4 Bc5 15. Qa4 b5 16. Qb3 Nxe5 17. Bg2 0-0 18. Nd1 Nc4 19. Qf3 Ne5 20. Qh5 Qf6 21. Kh1 Rad8 22. f4 gxf4 23. gxf4 Qxf4 24. Rg1 0-1

[Event "Dimitrovgrad-ch"]
[Site "Dimitrovgrad"]
[Date "2012.02.23"]
[Round "5"]
[White "Sychov, Vladimir"]
[Black "Lebedev, Viktor"]
[Result "0-1"]
[WhiteElo "1544"]
[BlackElo "1722"]
[PlyCount "84"]
[EventDate "2012.02.19"]
[EventType "swiss"]
[EventRounds "9"]
[EventCountry "RUS"]
[SourceTitle "CBM 147 Extra"]
[Source "ChessBase"]
[SourceDate "2012.04.24"]
[SourceVersion "1"]
[SourceVersionDate "2012.04.24"]
[SourceQuality "1"]

1. e4 d5 2. e5 Bf5 3. d4 e6 4. a3 a6 5. h3 c5 6. c3 Nc6 7. Nf3 h6 8. Be2 cxd4 9. cxd4 Qa5+ 10. Bd2 Bb4 11. Nc3 Bxc3 12. Bxc3 Qb6 13. Qd2 Nge7 14. Rc1 0-0 15. Nh2 Rac8 16. Rf1 Na5 17. Qe3 Nb3 18. Rd1 Bc2 19. g4 Bxd1 20. Bxd1 Na5 21. Be2 Nc4 22. Bxc4 dxc4 23. Qd2 Nd5 24. Ke2 Qd8 25. Nf3 b5 26. Rg1 Nxc3+ 27. bxc3 Qd5 28. Qe3 f6 29. h4 fxe5 30. Nxe5 Rf6 31. g5 hxg5 32. Rxg5 Rf5 33. Ng6 Qd6 34. Rg4 Re8 35. Re4 Rf6 36. Nf4 Ref8 37. Nh3 Qxa3 38. Kf1 Rf3 39. Qe2 Rxh3 40. Qg4 Qc1+ 41. Ke2 Qc2+ 42. Kf1 Qxf2# 0-1

[Event "Dimitrovgrad-ch"]
[Site "Dimitrovgrad"]
[Date "2012.02.22"]
[Round "4"]
[White "Lebedev, Viktor"]
[Black "Ulanov, Sergei"]
[Result "0-1"]
[WhiteElo "1722"]
[BlackElo "2132"]
[PlyCount "104"]
[EventDate "2012.02.19"]
[EventType "swiss"]
[EventRounds "9"]
[EventCountry "RUS"]
[SourceTitle "CBM 147 Extra"]
[Source "ChessBase"]
[SourceDate "2012.04.24"]
[SourceVersion "1"]
[SourceVersionDate "2012.04.24"]
[SourceQuality "1"]

1. d4 Nf6 2. Nf3 g6 3. Bg5 Bg7 4. e3 h6 5. Bh4 g5 6. Bg3 Ne4 7. Be5 f6 8. Bg3 h5 9. h3 Nxg3 10. fxg3 d5 11. Bd3 Qd6 12. 0-0 Qxg3 13. Qe1 Qxe1 14. Rxe1 g4 15. Bg6+ Kd8 16. Nh4 gxh3 17. g3 Bg4 18. Nd2 Nc6 19. c3 e5 20. Bf5 Ne7 21. Bxg4 hxg4 22. Rad1 e4 23. c4 c6 24. cxd5 cxd5 25. Nb3 b6 26. Rc1 Bh6 27. Rc3 Bg5 28. Rf1 Bxh4 29. gxh4 f5 30. Kh2 Rxh4 31. Nc1 Rc8 32. Rxc8+ Kxc8 33. Ne2 Rh6 34. Ng3 Rf6 35. Nh5 Rc6 36. Rf2 Kd7 37. Nf4 Rc1 38. Re2 Kd6 39. Nh5 Kc6 40. Nf4 Kb5 41. Ne6 Kc4 42. Nf4 a5 43. Kg3 a4 44. Kh2 a3 45. bxa3 Kc3 46. Rf2 Rc2 47. Ne2+ Kc4 48. Kg3 Ng6 49. Kh2 Kd3 50. Nf4+ Nxf4 51. Rxc2 Kxc2 52. exf4 e3 0-1

[Event "Dimitrovgrad-ch"]
[Site "Dimitrovgrad"]
[Date "2012.02.20"]
[Round "2"]
[White "Lebedev, Viktor"]
[Black "Koblik, Ekaterina"]
[Result "1-0"]
[WhiteElo "1722"]
[BlackElo "1485"]
[PlyCount "112"]
[EventDate "2012.02.19"]
[EventType "swiss"]
[EventRounds "9"]
[EventCountry "RUS"]
[SourceTitle "CBM 147 Extra"]
[Source "ChessBase"]
[SourceDate "2012.04.24"]
[SourceVersion "1"]
[SourceVersionDate "2012.04.24"]
[SourceQuality "1"]

1. d4 d5 2. Nf3 Nc6 3. a3 a5 4. h3 Bf5 5. e3 Nf6 6. c4 e6 7. Nc3 g6 8. Nh4 Ne7 9. Nxf5 Nxf5 10. cxd5 exd5 11. Bd3 Qd7 12. 0-0 Bg7 13. Qc2 Nh4 14. f4 Nh5 15. Qf2 Nf5 16. g4 Nxf4 17. Qxf4 Nh4 18. Qg5 Qd8 19. Qxd5 Qxd5 20. Nxd5 Rc8 21. Bd2 b6 22. Be1 g5 23. Bxh4 gxh4 24. Nf6+ Bxf6 25. Rxf6 h5 26. Raf1 hxg4 27. hxg4 Rg8 28. Bf5 Rd8 29. Rh6 Rd5 30. Rf2 c5 31. dxc5 bxc5 32. Kh2 Re5 33. e4 Ke7 34. Ra6 c4 35. Ra7+ Kf8 36. Ra8+ Kg7 37. Rxg8+ Kxg8 38. Kh3 f6 39. Rc2 Kf7 40. Rxc4 Rb5 41. Rc2 Rb3+ 42. Kxh4 Rb7 43. g5 fxg5+ 44. Kxg5 Ke7 45. Rh2 Kd6 46. Kf4 Rb5 47. Rd2+ Ke7 48. e5 Rb3 49. Be4 Rb8 50. Bd5 Rd8 51. b3 Rb8 52. Bc4 Rf8+ 53. Ke4 Rh8 54. Rc2 Rh3 55. a4 Rh4+ 56. Kd5 Rh6 1-0

[Event "Dimitrovgrad-ch"]
[Site "Dimitrovgrad"]
[Date "2012.02.19"]
[Round "1"]
[White "Ulanov, Alexandr"]
[Black "Lebedev, Viktor"]
[Result "1-0"]
[WhiteElo "2337"]
[BlackElo "1722"]
[PlyCount "41"]
[EventDate "2012.02.19"]
[EventType "swiss"]
[EventRounds "9"]
[EventCountry "RUS"]
[SourceTitle "CBM 147 Extra"]
[Source "ChessBase"]
[SourceDate "2012.04.24"]
[SourceVersion "1"]
[SourceVersionDate "2012.04.24"]
[SourceQuality "1"]

1. d4 d5 2. Nf3 f5 3. c4 c6 4. Nc3 e6 5. g4 h6 6. gxf5 Nf6 7. Ne5 exf5 8. Rg1 g5 9. Ng6 Rg8 10. Nxf8 Rxf8 11. h4 Ng4 12. hxg5 hxg5 13. f3 Nh2 14. Bxg5 Qd6 15. Qd2 Nxf1 16. Kxf1 f4 17. c5 Bh3+ 18. Kf2 Qc7 19. e4 Na6 20. exd5 cxd5 21. Rae1+ 1-0

[Event "Dimitrovgrad Petrosian Memorial op"]
[Site "Dimitrovgrad"]
[Date "2011.06.19"]
[Round "2"]
[White "Koblik, Ekaterina"]
[Black "Lebedev, Viktor"]
[Result "0-1"]
[WhiteElo "1540"]
[BlackElo "1731"]
[PlyCount "94"]
[EventDate "2011.06.18"]
[EventType "swiss"]
[EventRounds "9"]
[EventCountry "RUS"]
[SourceTitle "EXT 2012"]
[Source "ChessBase"]
[SourceDate "2011.11.24"]
[SourceVersion "1"]
[SourceVersionDate "2011.11.24"]
[SourceQuality "1"]

1. e4 d5 2. exd5 Qxd5 3. Nc3 Qd8 4. Bc4 Bf5 5. Nf3 Nf6 6. d4 c6 7. Bf4 e6 8. 0-0 Bd6 9. Be5 Bxe5 10. dxe5 Qxd1 11. Raxd1 Nd5 12. Nxd5 cxd5 13. Bd3 Bg4 14. Be2 Bxf3 15. Bxf3 Nc6 16. c3 Nxe5 17. Be2 Rc8 18. Rd4 Ke7 19. Re1 a6 20. Bxa6 bxa6 21. Rxe5 Kd6 22. Rg5 g6 23. Rgg4 f5 24. Rg3 a5 25. b3 e5 26. Ra4 Rc5 27. a3 Rhc8 28. c4 e4 29. Kf1 d4 30. Ke2 d3+ 31. Kd2 Rb8 32. Kc3 Ke6 33. Re3 Rd8 34. Kd2 Ke5 35. f3 Kd4 36. fxe4 fxe4 37. b4 axb4 38. Rxb4 Rf8 39. Ke1 Kxe3 40. g4 d2+ 41. Kd1 Rf1+ 42. Kc2 d1Q+ 43. Kc3 Qd3+ 44. Kb2 Rf2+ 45. Ka1 Qxa3+ 46. Kb1 Qxb4+ 47. Ka1 Qb2# 0-1

[Event "Dimitrovgrad-ch op"]
[Site "Dimitrovgrad"]
[Date "2010.03.14"]
[Round "8"]
[White "Gilmatdinov, Rashit"]
[Black "Lebedev, Viktor"]
[Result "1-0"]
[WhiteElo "1594"]
[BlackElo "1758"]
[PlyCount "153"]
[EventDate "2010.02.27"]
[EventType "swiss"]
[EventRounds "9"]
[EventCountry "RUS"]
[SourceTitle "EXT 2022"]
[Source "ChessBase"]
[SourceDate "2021.10.06"]
[SourceVersion "1"]
[SourceVersionDate "2021.10.06"]
[SourceQuality "1"]

1. d4 f5 2. g3 d5 3. Bg2 Nf6 4. Nh3 e6 5. c4 c6 6. cxd5 cxd5 7. Nc3 Be7 8. 0-0 0-0 9. a3 Nc6 10. Na4 Ne4 11. Nf4 g5 12. Nh3 g4 13. Nf4 Kf7 14. Be3 Rh8 15. Rc1 h5 16. f3 Nf6 17. h3 gxh3 18. Nxh3 Qg8 19. Kh2 h4 20. Ng5+ Ke8 21. f4 Ng4+ 22. Kh3 hxg3+ 23. Kxg3 Nxe3 24. Qd2 Nxf1+ 25. Rxf1 Bxg5 26. fxg5 Rh5 27. Kf2 Qxg5 28. Qxg5 Rxg5 29. Rh1 Kf8 30. e3 Kg7 31. Nc5 b6 32. Nd3 Bd7 33. Rc1 Rh8 34. Kg1 Rh3 35. Kf2 Rh2 36. Nf4 Kf6 37. b4 Ke7 38. Kg1 Rh8 39. Kf2 Rhg8 40. b5 Na5 41. Rc7 Nc4 42. Rxa7 Kd6 43. a4 e5 44. dxe5+ Nxe5 45. Bxd5 Rh8 46. Rb7 Rh2+ 47. Kf1 Kc5 48. Bg2 Rh6 49. Kf2 Kb4 50. Nd5+ Kxa4 51. Nxb6+ Kb4 52. Nxd7 Nxd7 53. Rxd7 Rh2 54. b6 Rhxg2+ 55. Kf3 Rg7 56. b7 Rg8 57. b8Q+ Rxb8 58. Kxg2 Rb5 59. Kf3 Kc4 60. Kf4 Kc5 61. Kxf5 Kc6+ 62. Ke6 Rh5 63. Rd4 Rh6+ 64. Kf5 Rh5+ 65. Kg4 Rh1 66. e4 Rg1+ 67. Kf5 Rf1+ 68. Ke6 Rh1 69. e5 Rh6+ 70. Kf7 Kc5 71. Rd1 Rh7+ 72. Kg6 Re7 73. Kf6 Rh7 74. e6 Rh6+ 75. Kf7 Rh7+ 76. Ke8 Rh8+ 77. Kd7 1-0

[Event "Dimitrovgrad-ch op"]
[Site "Dimitrovgrad"]
[Date "2010.03.06"]
[Round "4"]
[White "Lebedev, Viktor"]
[Black "Yakimkin, Igor"]
[Result "0-1"]
[WhiteElo "1758"]
[BlackElo "2184"]
[PlyCount "76"]
[EventDate "2010.02.27"]
[EventType "swiss"]
[EventRounds "9"]
[EventCountry "RUS"]
[SourceTitle "EXT 2022"]
[Source "ChessBase"]
[SourceDate "2021.10.06"]
[SourceVersion "1"]
[SourceVersionDate "2021.10.06"]
[SourceQuality "1"]

1. d4 Nf6 2. c4 g6 3. Nf3 Bg7 4. Nc3 0-0 5. Bf4 d6 6. e3 c6 7. h3 Nbd7 8. Rc1 Re8 9. Be2 h6 10. 0-0 Kh7 11. Qc2 e5 12. dxe5 dxe5 13. Bh2 Qe7 14. a3 a5 15. Rcd1 Kh8 16. Nd2 Nc5 17. Nde4 Ncxe4 18. Nxe4 Nxe4 19. Qxe4 Bf5 20. Qf3 e4 21. Qg3 Bxb2 22. Qd6 Bxa3 23. Qd4+ Kh7 24. g4 Bc5 25. Qc3 Bd7 26. Bg3 b6 27. Kg2 a4 28. h4 a3 29. h5 gxh5 30. Rh1 Rg8 31. Rxh5 Rg6 32. Rdh1 Qe6 33. g5 Bf8 34. f4 exf3+ 35. Bxf3 a2 36. Qd4 Bg7 37. Qd3 a1Q 38. Rxh6+ Kg8 0-1

[Event "Dimitrovgrad-ch op"]
[Site "Dimitrovgrad"]
[Date "2010.02.28"]
[Round "3"]
[White "Akimov, Gennadiy"]
[Black "Lebedev, Viktor"]
[Result "1/2-1/2"]
[WhiteElo "1994"]
[BlackElo "1758"]
[PlyCount "73"]
[EventDate "2010.02.27"]
[EventType "swiss"]
[EventRounds "9"]
[EventCountry "RUS"]
[SourceTitle "EXT 2022"]
[Source "ChessBase"]
[SourceDate "2021.10.06"]
[SourceVersion "1"]
[SourceVersionDate "2021.10.06"]
[SourceQuality "1"]

1. b4 f5 2. Bb2 d5 3. f4 e6 4. a3 Nf6 5. Nf3 Be7 6. e3 0-0 7. Be2 a6 8. 0-0 c5 9. bxc5 Bxc5 10. Kh1 b5 11. Be5 Nc6 12. d4 Bd6 13. Nbd2 Bxe5 14. Nxe5 Nxe5 15. fxe5 Ne4 16. Nxe4 fxe4 17. Qd2 Bd7 18. Qb4 Qc7 19. c3 Rac8 20. h3 h6 21. Bg4 Rxf1+ 22. Rxf1 Qc4 23. Qb1 Qxc3 24. a4 b4 25. a5 b3 26. Be2 Bb5 27. Bxb5 axb5 28. a6 Ra8 29. Rc1 Qxe3 30. Rc6 Qd3 31. Qc1 Rf8 32. a7 Qxd4 33. Ra6 Ra8 34. Qc6 Rxa7 35. Qxe6+ Kh8 36. Qc8+ Kh7 37. Qf5+ 1/2-1/2

[Event "Dimitrovgrad op"]
[Site "Dimitrovgrad"]
[Date "2008.08.05"]
[Round "1"]
[White "Predke, Alexandr"]
[Black "Lebedev, Viktor"]
[Result "1-0"]
[WhiteElo "2231"]
[BlackElo "1787"]
[PlyCount "53"]
[EventDate "2008.08.05"]
[EventType "swiss"]
[EventRounds "9"]
[EventCountry "RUS"]
[SourceTitle "EXT 2022"]
[Source "ChessBase"]
[SourceDate "2021.10.06"]
[SourceVersion "1"]
[SourceVersionDate "2021.10.06"]
[SourceQuality "1"]

1. e4 c6 2. d4 d5 3. Nc3 dxe4 4. Nxe4 Nf6 5. Nxf6+ exf6 6. c3 Bd6 7. Bd3 Qe7+ 8. Ne2 Bg4 9. 0-0 0-0 10. Qc2 h6 11. Re1 Qc7 12. h3 Be6 13. Bd2 Nd7 14. c4 b6 15. b4 Rfc8 16. c5 Bf8 17. Nf4 Re8 18. Nxe6 Rxe6 19. Rxe6 fxe6 20. Bc4 b5 21. Bxe6+ Kh8 22. Qg6 Be7 23. Qf7 Qd8 24. Re1 Qf8 25. Qg6 Qe8 26. Qxe8+ Rxe8 27. Bxd7 1-0